| 000 | 00585nam a2200241 a 4500 | ||
|---|---|---|---|
| 001 | nice12345678 | ||
| 003 | IN_TiNIC | ||
| 005 | 20260116012330.0 | ||
| 008 | 050524s1988 teha grp 000 0 eng | ||
| 020 |
_a _c100 |
||
| 082 | 0 | 0 |
_a297.2 _bALB1 |
| 100 | _aAl-Balagh Foundation, | ||
| 245 | _aMan and Religion | ||
| 260 |
_aTehran _bAl Balagh Foundation _c1988 |
||
| 300 | _a87p | ||
| 500 | _aincludes index and biblioraphy | ||
| 505 | 2 | _aBibliography | |
| 650 | _aIslam-Doctrines | ||
| 700 | 1 | _aAl-Balagh Foundation, | |
| 902 | _bSRS | ||
| 942 | _cBK | ||
| 999 |
_c6595 _d6595 |
||